00281nam a2200109Ia 4500008004100000020001800041082001700059100001600076245002300092260004500115300001100160230801s9999||||xx |||||||||||||| ||und|| a9780007523528 a813.6bG7951 aGreen, John 0aLooking for Alaska aLondon bHarper Collins Publishersc2019 a272 p.